| 000 | 00639cam a2200217 a 4500 | ||
|---|---|---|---|
| 003 | OSt | ||
| 005 | 20260427105540.0 | ||
| 008 | 920529s1991 ii af b 001 0 eng | ||
| 020 | _z8121510074 | ||
| 040 | _cHDL | ||
| 041 | _aeng | ||
| 082 | _a398.4680954 P1 | ||
| 100 | 1 |
_aGupta, Shakti M., _9863389 |
|
| 245 | 1 | 0 |
_aPlant myths and traditions in India / _cShakti M. Gupta ; with a foreword by C. Sivaramamurti. |
| 250 | _a2nd rev. ed. | ||
| 260 |
_aNew Delhi : _bMunshiram Manoharlal Publishers, _c2001. |
||
| 300 | _axiv, 123 p. | ||
| 650 | 0 |
_aPlants _xMythology _zIndia. _91235727 |
|
| 942 |
_2CC _cTEXL _n0 |
||
| 999 |
_c1848550 _d1848550 |
||